Wszystkie miasta Polski na literę O - Statystyki

Ogólne statystyki
  • Ten quiz został rozwiązany 1 616 razy
    1 097 od ostatniego zresetowania
  • Średni wynik to 33 z 49
Statystyki odpowiedzi
Województwo Populacja Miasto % Poprawnych
opolskie 127839 Opole
98%
warmińsko-mazurskie 171249 Olsztyn
96%
śląskie 2450 Olsztyn
96%
wielkopolskie 71560 Ostrów Wielkopolski
92%
małopolskie 34757 Olkusz
87%
świętokrzyskie 67404 Ostrowiec Świętokrzyski
87%
dolnośląskie 33087 Oława
86%
mazowieckie 51656 Ostrołęka
86%
dolnośląskie 36979 Oleśnica
85%
świętokrzyskie 1809 Oleśnica
85%
warmińsko-mazurskie 32714 Ostróda
84%
mazowieckie 44317 Otwock
84%
łódzkie 20746 Opoczno
83%
warmińsko-mazurskie 7491 Olsztynek
82%
mazowieckie 22216 Ostrów Mazowiecka
82%
świętokrzyskie 6374 Opatów
81%
wielkopolskie 17848 Oborniki
80%
świętokrzyskie 4451 Ożarów
80%
małopolskie 37569 Oświęcim
79%
warmińsko-mazurskie 16364 Olecko
77%
lubelskie 8320 Opole Lubelskie
74%
dolnośląskie 9075 Oborniki Śląskie
72%
mazowieckie 12432 Ożarów Mazowiecki
72%
opolskie 9353 Olesno
70%
wielkopolskie 13964 Ostrzeszów
69%
łódzkie 19128 Ozorków
63%
wielkopolskie 3611 Opatówek
61%
śląskie 21290 Orzesze
61%
warmińsko-mazurskie 5526 Orzysz
61%
wielkopolskie 9545 Opalenica
58%
warmińsko-mazurskie 8648 Orneta
58%
opolskie 6474 Otmuchów
57%
lubelskie 2089 Ostrów Lubelski
56%
świętokrzyskie 336 Opatowiec
54%
mazowieckie 1099 Osieck
54%
świętokrzyskie 1970 Osiek
54%
opolskie 8480 Ozimek
54%
wielkopolskie 5114 Odolanów
52%
dolnośląskie 4325 Olszyna
51%
śląskie 4243 Ogrodzieniec
50%
podkarpackie 2948 Oleszyce
44%
wielkopolskie 3842 Okonek
43%
lubuskie 3896 Ośno Lubuskie
43%
wielkopolskie 1916 Ostroróg
43%
lubuskie 1641 Otyń
43%
wielkopolskie 2385 Obrzycko
41%
wielkopolskie 2392 Osieczna
41%
mazowieckie 967 Odrzywół
36%
łódzkie 1350 Osjaków
34%
Nie znaleziono quizów pasujących do podanych kryteriów
Rozkład punktacji
Procent ludzi z każdym wynikiem
Percentyl według liczby udzielonych odpowiedzi
Twoja historia wyników
Nie rozwiązałeś tego quizu od ostatniego zresetowania